Statistics (Record no. 3912)

MARC details
005 - DATE AND TIME OF LATEST TRANSACTION
control field 20250613055146.0
020 ## - INTERNATIONAL STANDARD BOOK NUMBER
International Standard Book Number 0-13-022329-8
082 ## - DEWEY DECIMAL CLASSIFICATION NUMBER
Classification number LECT 519.5 McC
100 ## - MAIN ENTRY--PERSONAL NAME
Author name McCLAVE, J. T.
245 ## - TITLE STATEMENT
Title Statistics
250 ## - EDITION STATEMENT
Edition statement 8th Ed.
260 ## - PUBLICATION, DISTRIBUTION, ETC.
Place of publication, distribution, etc. New Jersey,
Name of publisher, distributor, etc. Prentice Hall,
Date of publication, distribution, etc. 2000.
300 ## - PHYSICAL DESCRIPTION
Extent xxiii, 848p.: ill.; chart, figure, graph, picture, table.
Other physical details Index,
Dimensions 26cm.
700 ## - ADDED ENTRY--PERSONAL NAME
Other authors/Editors SINCICH, T.
856 ## - ELECTRONIC LOCATION AND ACCESS
Link text Access online book
Electronic name Statistics
Path http://www.prenhall.com
942 ## - ADDED ENTRY ELEMENTS (KOHA)
Source of classification or shelving scheme Dewey Decimal Classification
Koha item type Books
Holdings
Date last seen Total checkouts Full call number Barcode Cost, replacement price Price effective from Koha item type Lost status Source of classification or shelving scheme Damaged status Not for loan Withdrawn status Home library Current library Shelving location Date acquired Cost, normal purchase price
06/13/2025   LECT 519.5 McC 00000012875 150000.00 06/12/2025 Books   Dewey Decimal Classification       College of Business Education Main Library College of Business Education Main Library General Collection 11/28/2014 50000.00